COURT OF APPEAL CRIMINAL APPEAL NO. 150 OF 2010 SSENDYOSE JOSEPH VS UGANDA (Record no. 8672)
[ view plain ]
| 000 -LEADER | |
|---|---|
| fixed length control field | 00615nam a22001097a 4500 |
| 008 - FIXED-LENGTH DATA ELEMENTS--GENERAL INFORMATION | |
| fixed length control field | 190704b xxu||||| |||| 00| 0 eng d |
| 010 ## - LIBRARY OF CONGRESS CONTROL NUMBER | |
| LC control number | CACAF:47 |
| 245 ## - TITLE STATEMENT | |
| Title | COURT OF APPEAL CRIMINAL APPEAL NO. 150 OF 2010 SSENDYOSE JOSEPH VS UGANDA |
| 260 ## - PUBLICATION, DISTRIBUTION, ETC. (IMPRINT) | |
| Place of publication, distribution, etc | COURT OF APPEAL KAMPALA |
| Date of publication, distribution, etc | 2013 |
| 500 ## - GENERAL NOTE | |
| General note | CORAM: HON. JUSTICE REMMY KASUL, JA<br/> HON. JUSTICE RUBBY OPIO AWERI, JA<br/> HON. JUSTICE KENNETH KAKURU, JA |
| 500 ## - GENERAL NOTE | |
| General note | (APPEAL FROM THE CONVICTION AND SENTENCE OF HIS LORDSHIP MOSES MUKIIBI, J AT THE HIGH COURT OF UGANDA AT MASAKA DATED 30TH JULY, 2010: CRIMINAL SESSION CASE NO. 120 OF 2005) |
| Withdrawn status | Lost status | Source of classification or shelving scheme | Damaged status | Koha normalized classification for sorting | Not for loan | Location (home branch) | Sublocation or collection (holding branch) | Shelving location | Date acquired | Koha issues (times borrowed) | Koha full call number | Piece designation (barcode) | Koha date last seen | Price effective from | Koha item type | Public note |
|---|---|---|---|---|---|---|---|---|---|---|---|---|---|---|---|---|
| Dewey Decimal Classification | CACAF_47 | Law Development Centre Main Library | Law Development Centre Main Library | Law Reports | 07/04/2019 | CACAF:47 | 468/2019 | 07/04/2019 | 07/04/2019 | Un Reported Cases | JUDGEMENT WASENTERED ON 20TH OF DECEMBER 2013 | |||||
| Dewey Decimal Classification | CACAF_47 | Law Development Centre Main Library | Law Development Centre Main Library | Law Reports | 07/04/2019 | CACAF:47 | 469/2019 | 07/04/2019 | 07/04/2019 | Un Reported Cases | JUDGEMENT WAS ENTERED ON 20TH OF DECEMBER 2013 |
